000 01042cam a2200253 a 4500
001 12070186
003 OSt
005 20230207164355.0
008 000622s2000 enk b 001 0 eng
010 _a 00010133
020 _a1900650339
040 _aDLC
_cDLC
_dDLC
050 0 0 _aP306.5
_b.K57 2000
100 1 _aKiraly, Donald C.,
_d1953-
245 1 2 _aA social constructivist approach to translator education :
_bempowerment from theory to practice /
_cDon Kiraly.
260 _aManchester, UK ;
_aNorthampton, Mass. :
_bSt. Jerome Pub.,
_c2000.
300 _a207 p. ;
504 _aIncludes bibliographical references (p. [197]-204) and index.
650 0 _aTranslators , Training of.
650 0 _aTranslating and interpreting
_xStudy and teaching.
906 _a7
_bcbc
_corignew
_d1
_eecip
_f20
_gy-gencatlg
942 _2lcc
_cBK
999 _c19954
_d19953